01171nac a22003011i 4500003000900000005001700009008004100026020001500067040004300082082002000125100005000145245004500195264007200240264001000312300004700322336002600369337002800395338002700423490007200450504005200522650003600574650003100610650003300641655001700674942001200691999001300703952015300716EG-ScBUE20260331132500.0100914t1979 enka f b 001 0 eng d a0070041709 aEG-ScBUEbengerdacEG-ScBUEdEG-ScBUE04a551.49bBEA2221 aBear, Jacob, eauthor.91905210aHydraulics of Groundwater /cJacob Bear. 1aLondon ; aNew York : bMcGraw-Hill International Book Co.,c[1979] 4cc1979 axiii, 567 pages :billustrations ;c24 cm. 2rdacontentatextbtxt aunmediated2rdamediabn avolumebnc2rdacarrier0 aMcGraw-Hill Series in Water Resources and Environmental Engineering aIncludes bibliographical references and index.  7aGroundwater flow.2BUEsh919053 7aGroundwater.2BUEsh919054 7aHydrodynamics.2BUEsh919055 vReading book cBB2ddc c994d994 00102ddc40708 aMAINbMAINc1STd2010-09-14epurchaseg185.00l2o551.49 BEAp000003514r2025-07-15 00:00:00s2016-09-04v231.25w2006-08-15yBB